Highest Goalscorers in The Champions League from England - Statistics

General Stats
  • This quiz has been taken 281 times
    30 since last reset
  • The average score is 15 of 24
Answer Stats
# Goals Games Years Main Team(s) Answer % Correct
1 50 66 2016-'20, 2022- Bayern Munich, Tottenham Hotspur Harry Kane
100%
11 15 54 2020- Real Madrid, Borussia Dortmund Jude Bellingham
100%
2 30 85 2004-'14, 2015-'16 Manchester United Wayne Rooney
100%
5 23 105 2003-2015 Chelsea, Manchester City Frank Lampard
96%
9 17 46 2017-'19, 2020-'22, 2023- Manchester United, Barcelona Marcus Rashford
93%
3 27 82 2014-2023 Manchester City, Chelsea Raheem Sterling
93%
18 11 29 2001-'03, 2004-'05, 2009-'12 Liverpool, Manchester United Michael Owen
89%
7 20 68 2017- Manchester City Phil Foden
89%
6 21 73 2001-'03, 2004-'10, 2014-'15 Liverpool Steven Gerrard
89%
10 16 107 1994-'95, 1996-'07, 2009-'10, 2012-'13 Manchester United, Real Madrid David Beckham
85%
21 10 28 1956-'58, 1965-'66, 1967-'69 Manchester United Bobby Charlton
81%
4 24 124 1994-'95, 1996-'11, 2012-'13 Manchester United Paul Scholes
81%
8 18 48 1996-2002 Manchester United Andy Cole
78%
15 12 26 2023- Arsenal Bukayo Saka
70%
20 10 18 2023-'24, 2025- Newcastle United Anthony Gordon
67%
12 15 59 2006-2017 Arsenal Theo Walcott
63%
24 10 109 2003-2016 Chelsea John Terry
59%
14 13 34 2005-'08, 2010-'11 Liverpool, Tottenham Hotspur Peter Crouch
37%
19 10 14 1964-'65, 1966-'67 Liverpool Roger Hunt
19%
23 10 57 1976-1985 Liverpool Phil Neal
11%
16 12 33 1976-'83, 1986-'87 Liverpool, APOEL Nicosia Terry McDermott
11%
13 13 14 1956-'58, 1969-'70 Manchester United, Linfield FC Dennis Viollet
7%
22 10 38 1971-'72, 1976-'82 Liverpool, Arsenal Ray Kennedy
7%
17 11 14 1956-1958 Manchester United Tommy Taylor
7%
No matching quizzes found
Score Distribution
Percent of People with Each Score
Percentile by Number Answered
Your Score History
You have not taken this quiz since the last reset